000 00671nam a2200265Ia 4500
005 20260121170552.0
008 008 260114s9999 xx 000 0 eng d
020 _a9783319786223
037 _aEBOOK
040 _aCRL
040 _beng
040 _cCRL
041 _2eng
041 _aeng
084 _qCRL
100 _aJames Skinner, Aaron C. T. Smith, Steve Swanson
_91065491
245 0 _aFostering Innovative Cultures in Sport
260 _bSpringer
260 _bSpringer
260 _c2018
856 _uhttps://link.springer.com/openurl?genre=book&isbn=978-3-319-78622-3
942 _cEBOOK
999 _c1631221
_d1631221